Представление документа в формате RUSMARC

ПолеНазваниеЗначение
  Тип записи a
  Библиографический уровень m
001 Контрольный номер RU/ГПНТБ России/KNIGADB/84(2Рос=Рус)6/С 16-747667364
005 Дата корректировки 20230112125155.2
010 Индекс ISBN __
a ISBN 978-5-6040083-1-7
b Уточнения в пер.
9 Тираж 7000 экз.
d Цена 419-45; 513-33
100 Данные общей обработки __
a Данные общей обработки 20210211d2018 m y0rusy028902 ca
101 Язык документа 0_
a Язык текста rus
102 Страна публикации __
a Страна публикации RU
105 Кодированные данные (монография) __
a Кодированные данные (монография) y z 000ay
181 Поле кодированных данных: вид содержания _0
a Код вида содержания (ISBD) i
182 Поле кодированных данных: тип средства _0
a Код типа средства (ISBD) n
200 Заглавие и сведения об ответственности 1_
a Заглавие Отдел
e Сведения, относящиеся к заглавию роман
f Первые сведения об ответственности Алексей Сальников
203 Вид содержания и тип средства __
a Вид содержания Текст
c Тип средства непосредственный
210 Выходные данные 1_
a Место издания Москва
c Издательство Лайвбук
d Дата издания 2018
215 Физическое описание __
a Объем 429, [2] с.
d Формат 21 см
300 Общие примечания __
a Общие примечания Финалист премии "Большая книга" ; Лауреат премии "Нос"
300 Общие примечания __
a Общие примечания Содержит нецензурную брань
300 Общие примечания __
a Общие примечания На титульном листе указано издательство: Livebook
330 Аннотация __
a Аннотация Игорь в принципе не ждал хорошего от этой работы: заброшенная котельная в промзоне, коллеги с волчьими билетами, ну какие там могли быть цели и задачи. Надо напиться, думает Игорь, поднимаясь к вашим соседям. Раз-два-три-четыре, главное не перепутать этаж. Слышите шум наверху? Это не дети расшалились - это выстрелы.
333 Примечание о целевом назначении __
a Примечание о целевом назначении 18+. Запрещено для детей
606 Тематические рубрики __
a Основная рубрика Художественная литература
2 Код системы nlr_sh
606 Тематические рубрики __
a Основная рубрика Современная русская литература (произведения)
2 Код системы nlr_sh
610 Ключевые слова 0_
a Ключевые слова проза
610 Ключевые слова 0_
a Ключевые слова современная проза
610 Ключевые слова 0_
a Ключевые слова современные романы
610 Ключевые слова 0_
a Ключевые слова сатирическая проза
610 Ключевые слова 0_
a Ключевые слова ироничная проза
610 Ключевые слова 0_
a Ключевые слова социальная проза
610 Ключевые слова 0_
a Ключевые слова тема милиции
610 Ключевые слова 0_
a Ключевые слова тема закона
610 Ключевые слова 0_
a Ключевые слова тема спецслужб
610 Ключевые слова 0_
a Ключевые слова милицейские романы
610 Ключевые слова 0_
a Ключевые слова тема экскрементов
686 Индексы других классификаций __
2 Код системы rubbks
a Классификационный индекс 84(2=411.2)6-4; ст84(2=411.2)6-4
700 Автор _1
a Фамилия Сальников
b Имя А. Б.
g Полное личное имя Алексей Борисович
f Даты 1978-
4 Код отношения 070
801 Источник записи _0
b Организация ГПНТБ России
a Страна RU
c Дата составления 20210211
g Правила каталогизации PSBO
801 Источник записи _1
b Организация ГПНТБ России
a Страна RU
c Дата составления 20210211
g Правила каталогизации PSBO
852 Данные о местонахождении __
i Авторский знак С 16
j Шифр хранения 84(2=411.2)6-4
900 Макрообъекты __
a Макрообъекты Отдел, 2018
901 Тип документа __
a Ответственный КиК/Мамарузиева; ООФиК/Волкова
t Тип документа m
903 Характеристики (МАРС) __
a Дата передачи 20221018; 20210212
c Наименование библиотеки (МАРС) Муниципальное бюджетное учреждение культуры "Централизованная библиотечная система" г. Сургут (Центральная городская библиотека им. А. С. Пушкина)
990 Данные о заказе (DOS) __
j Количество экземпляров (DOS) 6; 2
t N записи в КСУ для И/У (DOS) 202211; 202103